000 01401cam a2200385 i 4500
999 _c3194
_d3194
001 (Sirsi) a959087
003 OSt
005 20231101101546.0
008 160504s2015 nyua c 000 1 eng d
020 _a9781481457040
_q(hardcover) :
_c$13.99
040 _aTOH
_beng
_cTOH
_dYDXCP
_dBTCTA
_dWIM
_dBDX
_dOCLCO
_dZS3
_dIHX
_dZHB
_dEHH
_dILC
_dVP@
_dOCLCQ
_dSXP
_dTAE
_dKH8
_erda
042 _anbic
082 0 _aFIC RUS
100 1 _aRussell, Rachel Renée,
_eauthor.
245 1 0 _aTales from a not-so-perfect pet sitter /
_cRachel Renée Russell ; with Nikki Russell and Erin Russell.
250 _aFirst Aladdin hardcover edition.
260 _c2015.
264 1 _aNew York :
_bAladdin,
_c2015.
300 _a291 pages :
_billustrations ;
_c21 cm.
336 _atext
_btxt
_2rdacontent.
337 _aunmediated
_bn
_2rdamedia.
338 _avolume
_bnc
_2rdacarrier.
490 1 _aDork diaries ;
_v10.
520 _aNikki tries to be a pet sitter, but realizes it's harder work than she thought.
521 1 _aAges 8-12.
650 0 _aPet sitting
_vJuvenile fiction.
650 0 _aPets
_vJuvenile fiction.
650 0 _aMiddle schools
_vJuvenile fiction.
650 0 _aSchools
_vJuvenile fiction.
650 0 _aDiaries
_vJuvenile fiction.
700 1 _aRussell, Nikki,
_eauthor.
700 1 _aRussell, Erin,
_eauthor.
800 1 _aRussell, Rachel Renée.
_tDork diaries ;
_v10.
942 _2ddc
_cFIC